O, Canada Lyrics - Statistics

General Stats
  • This quiz has been taken 50 times
  • The average score is 29 of 63
Answer Stats
Answer % Correct
Canada
100%
Oh
91%
Our
86%
Land
80%
And
77%
Native
77%
Home
74%
True
66%
All
63%
Love
63%
Patriot
63%
In
60%
Command
49%
Hearts
49%
We
49%
Glowing
46%
See
46%
With
46%
Canada
43%
Sons
43%
And
40%
Canada
40%
Free
40%
North
40%
Oh
40%
Rise
40%
Stand
40%
Strong
40%
The
40%
Thee
40%
True
40%
We
40%
We
40%
And
37%
Far
37%
For
37%
For
37%
From
37%
Guard
37%
Guard
37%
Oh
37%
On
37%
On
37%
Stand
37%
Thee
37%
Thy
37%
Wide
37%
And
34%
Canada
34%
For
34%
Free
34%
Glorious
34%
God
34%
Guard
34%
Keep
34%
Land
34%
On
34%
Our
34%
Stand
34%
Thee
34%
Thee
34%
We
34%
Oh
31%
No matching quizzes found
Score Distribution
Percent of People with Each Score
Percentile by Number Answered
Your Score History
You have not taken this quiz